| 000 | 01142nam0a2200337 4500 | ||
|---|---|---|---|
| 001 | RU\NLR\bibl\838850 | ||
| 005 | 20260409074913.0 | ||
| 010 |
_a5-9533-0856-6 _94000 |
||
| 021 |
_aRU _b2005-48987 _92383 |
||
| 035 | _a(NLR Aleph) 000827679 | ||
| 090 |
_a1340884 _c1340884 |
||
| 100 | _a20050909d2005 |||y0rusy50 ca | ||
| 101 | 0 | _arus | |
| 102 | _aRU | ||
| 105 | _aa ||||||||| | ||
| 200 | 1 |
_aВоенные загадки Древней Руси _fА.Б. Широкорад |
|
| 210 |
_aМосква _cВече _d2005 |
||
| 215 |
_a316, [2] с., [8] л. ил., портр. _cил. _d21 |
||
| 225 | 1 | _aВоенные загадки России | |
| 320 | _aБиблиогр.: с. 299-317 | ||
| 607 |
_aРоссия _xВоенная история _3RU\NLR\auth\661367545 _92282711 |
||
| 686 | _aЦ35(2) | ||
| 686 | _aТ3(2)0-68 | ||
| 700 | 1 |
_4070 _8rus _7ca _aШирокорад _bА. Б. _f1947- _gАлександр Борисович _3RU\NLR\auth\77126524 _9109448 |
|
| 801 | 0 |
_aRU _bNLR _c20050909 _grcr |
|
| 801 | 1 |
_aRU _bNLR _c20050909 |
|
| 830 | _aАвт. по кн. | ||
| 942 | _cBOOK | ||
| 980 | _aNB | ||